El mundo, el texto y el crítico: ensayos selectos
Guardado en:
| Autor principal: | |
|---|---|
| Formato: | Libro |
| Lenguaje: | español |
| Publicado: |
Ciudad de México
Universidad Nacional Autónoma de México
2004
|
| Edición: | 1a. ed |
| Colección: | Cuadernos de los Seminarios Permanentes
|
| Materias: | |
| Etiquetas: |
Agregar Etiqueta
Sin Etiquetas, Sea el primero en etiquetar este registro!
|
MARC
| LEADER | 00000cam a2200000 a 4500 | ||
|---|---|---|---|
| 001 | UCE3214 | ||
| 003 | CL-VaPUC | ||
| 008 | 140821e20040000mx |||||||||||||||||spa|d | ||
| 020 | |a 970321729X | ||
| 082 | 0 | 4 | |a 801.95 |b SAI |2 21 |
| 100 | 0 | |a Said, Edward W |e author |9 575722 | |
| 245 | 1 | 3 | |a El mundo, el texto y el crítico: ensayos selectos |
| 250 | |a 1a. ed | ||
| 300 | |a 74 p | ||
| 942 | |c BK | ||
| 945 | |d 20140821 14:35:00 |a arojas | ||
| 260 | |a Ciudad de México |b Universidad Nacional Autónoma de México |c 2004 | ||
| 650 | 0 | |a Ensayos |9 268724 | |
| 650 | 0 | |a Crítica e interpretación |9 255042 | |
| 583 | |a last modification |c 20140821 14:35:00 |k Rodrigo Vera | ||
| 490 | 0 | |a Cuadernos de los Seminarios Permanentes | |
| 999 | |c 356637 |d 356635 | ||
| 952 | |0 0 |1 0 |3 erb |4 0 |6 801_950000000000000_SAI_2004 |7 0 |8 A |9 464094 |a BIBEDU |b BIBEDU |i 5095549 |o 801.95 SAI 2004 |p 5095549 |r 2019-11-23 |w 2019-11-23 |y BK |z Catalogado en:20140821 |k LIT | ||